000 00937nas a2200277 4500
001 BR2015001372
003 BR-BrBNA
005 20231205125057.0
007 ta
008 230509b bl.|||p| |||| 00| 00por d
040 _aBR-BrBNA
_bpor
_cBiblioteca Nacional de Agricultura
041 _a(Pt)
072 _aJ11; F62
100 1 _aSouza, C.S. de
100 1 _aFinger, F.L.
245 1 _aReguladores vegetais sobre a brotação e crescimento de taioba refrigerada (Xanthosoma sagittifolium (l.)Schott)
650 _aTAIOBA
650 _aXANTHOSOMA SAGITTIFOLIUM
650 _aARMAZENAMENTO
650 _aREGULADOR DE CRESCIMENTO
650 _aRESFRIAMENTO
773 0 _tRevista Raízes e Amidos Tropicais (Brazil)
_xISSN 1808-981X
_g(2014), v. 10(1) p. 90-99
_wBR2015001372
856 4 0 _uhttp://energia.fca.unesp.br/index.php/rat/article/view/1873/1074
909 _a202311
_bLúcia
_c55
_dLúcia Elande
942 _2AGRIS
_n0
_cANA
999 _c242499
_d242499